000 01052nam a22003017i 4500
003 EG-GICUC
005 20260228110945.0
008 260202s1890 fr ||||fr|||| 000 0 fre d
040 _aEG-GiCUC
_bfre
_cEG-GiCUC
_dEG-GiCUC
_eRda
041 0 _afre
082 0 4 _221
_a341.8
_bCH . D
092 0 4 _221
099 _aLaw1 12 341.8 CH . D 1890
100 1 _aCharles Dupuis
_eAuteur
245 1 3 _aLe Droit des gens et les rapports grandes puissances avec les autres états avant :
_b Le pacte de la Société des nations /
_cCharles Dupuis.
264 _aParis :
_bLibrairie plon,
_c[1890].
300 _a544 page ;
_c 24 cm.
336 _2rda contenu
_a texte
337 _2rda medias
_aOrdinateur
338 _2 transporteur rda
_a Ressource en ligne
504 _aComprend des références bibliographiques et un index.
546 _aTexte en français
650 1 0 _aDroit international privé
_2qrmak
651 1 _2qrmak
856 4 0 _uhttps://fll.law.cu.edu.eg/fulltext/bks/B12-01810.pdf
905 _a78
_eYara
942 _2ddc
_cBK
_e21
_n0
999 _c60210
_d60210